00500 2200193 4500001002100000005001500021035002000036008004100056245007700097100001900174250000600193260003500199300001200234084001400246082000800260650001400268990001200282990001200294INLIS00000000000011020240502104850 a0010-0424000086240502 0 ind 1 aPembelajaran Dan Model - Model Pembelajaran ( Seri 1 ) /cProf. Wahyudin aProf. Wahyudin a1 aJakarta :bCv.Ipa Abong,c2008 a104 hlm a600 WAH p a600 4aNon Fiksi a0732531 a0732532